000 00204 a2200085 4500
020 _a‎ 978-1797214245
100 _aRussell Tovey and Robert Diament
245 _aTalk Art
260 _bChronicle Books
_c2021
999 _c13255
_d13255